000 01253nas a22003491i 4500
999 _c174515
_d174515
003 OSt
005 20190930153233.0
008 190930c20179999my ar|p| ||||a|0| a|eng d
020 _qpaperback
040 _aPPAK
_beng
_cPPAK
_erda
082 0 4 _223
_a352.1409595
090 0 0 _a352.1409595
_bMAL
_dR
110 1 _aMalaysia.
_bKementerian Perumahan dan Kerajaan Tempatan
222 0 _aLaporan tahunan
_b(Kementerian Perumahan dan Kerajaan Tempatan)
245 1 0 _aLaporan Tahunan 2017 /
_cKementerian Perumahan dan Kerajaan Tempatan
246 3 1 _a2017 Tahun Penyampaian
264 1 _aKuala Lumpur, Malaysia :
_bKementerian Perumahan dan Kerajaan Tempatan,
_c2017-
300 _a175 pages :
_bcolour photographs ;
_c30 cm
310 _aAnnual
336 _2rdacontent
_atext
337 _2rdamedia
_aunmediated
338 _2rdacarrier
_avolume
362 0 0 _a2017-
365 _a01
_eFree
500 _aDescription based on 2017
610 2 _aMalaysia.
_bKementerian Perumahan dan Kerajaan Tempatan
_vPeriodicals
650 1 0 _aMunicipal government
_zMalaysia
_vPeriodical
_xSocieties
650 2 0 _aLocal government
_zMalaysia
_vPeriodicals
650 3 0 _aBusiness enterprises
_zMalaysia
_vPeriodical
850 _aPPAK
942 _2ddc
_cB